|
|
|
|
| LEADER |
00000nam2a2200000 4500 |
| 001 |
261998 |
| 005 |
20231101233620.0 |
| 020 |
|
|
|a RU
|b 88-47359
|
| 035 |
|
|
|a (RuTPU)RU\TPU\book\284980
|
| 090 |
|
|
|a 261998
|
| 100 |
|
|
|a 20140528g1987 k y0rusy5003 ca
|
| 101 |
0 |
|
|a rus
|
| 102 |
|
|
|a RU
|
| 105 |
|
|
|a y e 000zy
|
| 200 |
0 |
|
|a Т. 2 : M-Z
|
| 210 |
|
|
|d 1987
|
| 215 |
|
|
|a 688 с.
|
| 461 |
|
1 |
|0 (RuTPU)RU\TPU\book\306239
|t Англо-русский военный словарь
|o в 2 т.
|o около 70 000 терминов
|f под ред. В. Н. Шевчука, В. М. Полюхиа
|l English-Russian Military Dictionary
|v Т. 2 : M-Z
|e 3-е изд., испр. и доп.
|d 1987
|
| 606 |
1 |
|
|a Английский язык
|x Терминологические словари
|2 stltpush
|3 (RuTPU)RU\TPU\subj\29063
|9 52475
|
| 606 |
1 |
|
|a Военная наука
|2 stltpush
|3 (RuTPU)RU\TPU\subj\3235
|9 31684
|
| 610 |
1 |
|
|a военное дело
|
| 610 |
1 |
|
|a англо-русские словари
|
| 610 |
1 |
|
|a термины
|
| 610 |
1 |
|
|a словари
|
| 686 |
|
|
|a Ш143.21-43
|2 rubbk
|
| 686 |
|
|
|a Ц01я2
|2 rubbk
|
| 702 |
|
1 |
|a Шевчук
|b В. Н.
|4 340
|
| 702 |
|
1 |
|a Полюхин
|b В. М.
|4 340
|
| 801 |
|
0 |
|a RU
|b RuMRKP
|c 19950417
|g psbo
|
| 801 |
|
1 |
|a RU
|b 63413507
|c 20140528
|
| 801 |
|
2 |
|a RU
|b 63413507
|c 20160617
|g RCR
|
| 942 |
|
|
|c BK
|